|
|
|
|
| LEADER |
00000nam0a2200000 4500 |
| 001 |
254873 |
| 005 |
20231031215015.0 |
| 010 |
|
|
|a 5244002880
|
| 020 |
|
|
|a RU
|b 89-62434
|
| 035 |
|
|
|a (RuTPU)RU\TPU\book\277375
|
| 090 |
|
|
|a 254873
|
| 100 |
|
|
|a 20140325d1989 k y0rusy5003 ca
|
| 101 |
0 |
|
|a rus
|
| 102 |
|
|
|a RU
|
| 105 |
|
|
|a y z 001zy
|
| 200 |
1 |
|
|a Противостояние или взаимодействие
|f М. Н. Осьмова, А. И. Соколов
|
| 210 |
|
|
|a Москва
|c Мысль
|d 1989
|
| 215 |
|
|
|a 188,[1] с.
|
| 333 |
|
|
|a Исключено из фонда НТБ ТПУ
|
| 700 |
|
1 |
|a Осьмова
|b М. Н.
|g Маркиана Николаевна
|
| 701 |
|
1 |
|a Соколов
|b А. И.
|g Анатолий Иванович
|
| 801 |
|
0 |
|a RU
|b RuMRKP
|c 19950417
|g psbo
|
| 801 |
|
1 |
|a RU
|b 63413507
|c 20140325
|
| 801 |
|
2 |
|a RU
|b 63413507
|c 20220413
|g RCR
|
| 942 |
|
|
|c BK
|